Aplicacin̤ Prc̀tica del ISR Personas Morales 2016

Detalles Bibliográficos
Autor principal: Sǹchez Mirand, Arnulfo
Formato: Libro
Lenguaje:portugués
Publicado: Mx̌ico Ediciones Fiscales ISEF 2016
Materias:
Acceso en línea:Acceso restringido

MARC

LEADER 00000nam a22000007a 4500
005 20160520145856.0
007 cr|||| ||u|
008 160520s2016 mx ||||| |||| 00||0 por d
020 |a 978-607-406-800-9 
035 |a 14245 
040 |a vLex  
090 |c 6124  |d 6124 
100 1 |a Sǹchez Mirand, Arnulfo 
245 1 0 |a Aplicacin̤ Prc̀tica del ISR Personas Morales 2016  |h [Recurso electrn̤ico] /  |c Arnulfo Sǹchez Miranda  
256 |a Servicio en ln̕ea  
260 |a Mx̌ico  |b Ediciones Fiscales ISEF  |c 2016 
300 |a 1 recurso electrn̤ico  
500 |a Esta obra se desarrolla de manera sencilla, a travš de casos prc̀ticos, temas esenciales que todo estudiante debe saber acerca de la LISR sustentada con el CFF, las reglas de carc̀ter general y, en su caso con el derecho federal comn︢; mostrando temas y elementos bs̀icos., acompaądas de cuadros sinp̤ticos, diagramas de flujo, ejemplos numřicos, fundamentos, comentarios, sugerencias. Los temas corresponden con el contenido de los diferentes temarios de las escuelas, facultades e instituciones que imparten asignaturas relacionadas con el r̀ea fiscal. 
506 1 |a Contenido solo disponible en los productos indicados   |d vLex Global  |d vLex Global (Academic Edition, excluding Law Schools)  |d vLex Global (U.S. Academic Edition, Law Schools)  |d vLex Global (U.S. Academic Edition, excluding Law Schools)  |d vLex Global (Academic Edition, Law Schools) 
650 0 4 |a Derecho  |z Mx̌ico  
740 0 |a vLex libros (servicio en ln̕ea)  
856 4 0 |u http://vlex.com/source/aplicacion-practica-del-isr-personas-morales-2016-14245  |z Acceso restringido 
942 |c BOOK 
999 0 |a Law  |b Mexic